[Event "Junior Online 4NCL Division 5"]
[Site "online"]
[Date "2020.05.14"]
[Round "5.105"]
[White "Rajesh, Shradha"]
[Black "Shahameeran, Ashika"]
[Result "1-0"]
[WhiteElo "1240"]
[BlackElo "1319"]
[PlyCount "129"]
[EventDate "2020.05.14"]
[WhiteTeam "Harrow Juniors E"]
[BlackTeam "St John's College B"]

1. c4 e5 2. e3 Nf6 3. d4 exd4 4. exd4 Be7 5. Ne2 O-O 6. g3 Re8 7. Bg2 Bb4+ 8.
Bd2 Bxd2+ 9. Qxd2 Nc6 10. O-O d6 11. d5 Ne5 12. b3 c6 13. dxc6 Nxc6 14. Nf4 Ne4
15. Bxe4 Rxe4 16. Nc3 Re8 17. Rfe1 Be6 18. Nxe6 Rxe6 19. Nd5 Ne7 20. Rxe6 fxe6
21. Nxe7+ Qxe7 22. Re1 e5 23. Rd1 Rd8 24. c5 d5 25. b4 Qf6 26. a3 b6 27. Qa2
Qf7 28. cxb6 axb6 29. Kg2 Kh8 30. f3 Rf8 31. Qb3 e4 32. f4 Rd8 33. Qe3 Qg6 34.
Kf2 Qg4 35. Rf1 Qe6 36. Kg1 d4 37. Qd2 e3 38. Qd3 Qd5 39. Re1 Re8 40. Kf1 e2+
41. Rxe2 Rxe2 42. Qxe2 h6 43. Qd3 Qd6 44. Ke2 Qe6+ 45. Kd2 Qa2+ 46. Ke1 Qd5 47.
Ke2 Qg2+ 48. Kd1 Qh1+ 49. Kc2 Qd5 50. Qe2 Qa2+ 51. Kd3 Qd5 52. Qe4 Qb5+ 53.
Kxd4 Qd7+ 54. Qd5 Qe7 55. Qa8+ Kh7 56. Qe4+ Qxe4+ 57. Kxe4 Kg6 58. a4 Kf6 59.
a5 Ke6 60. Kd4 Kd6 61. Kc4 Kc6 62. axb6 Kxb6 63. b5 g6 64. Kb4 Kb7 65. Kc5 1-0

[Event "Junior Online 4NCL Division 5"]
[Site "online"]
[Date "2020.05.14"]
[Round "5.106"]
[White "Lee, Krishna"]
[Black "Cann, Arthur"]
[Result "1-0"]
[WhiteElo "1148"]
[BlackElo "1240"]
[PlyCount "129"]
[EventDate "2020.05.14"]
[WhiteTeam "St John's College B"]
[BlackTeam "Harrow Juniors E"]

1. e4 e5 2. Nf3 Nf6 3. Nc3 Nc6 4. Bb5 Bb4 5. d3 Nd4 6. Nxd4 exd4 7. a3 dxc3 8.
axb4 cxb2 9. Bxb2 O-O 10. O-O Qe7 11. Ba3 c6 12. Ba4 b5 13. Bb3 d5 14. Re1 dxe4
15. dxe4 Nxe4 16. Qf3 Ng5 17. Rxe7 Nxf3+ 18. gxf3 Bh3 19. Rc7 a5 20. bxa5 Rxa5
21. Rb7 Bc8 22. Rb6 c5 23. c3 c4 24. Bc2 f5 25. Rd6 f4 26. Rdd1 Rf6 27. Rd8+
Kf7 28. Rxc8 g5 29. Rf8+ Ke6 30. Rxf6+ Kxf6 31. Be7+ Kxe7 32. Rxa5 Kf6 33. Rxb5
h5 34. Rb6+ Ke5 35. Rg6 g4 36. fxg4 hxg4 37. Rxg4 Kd5 38. Rxf4 Kc5 39. Kg2 Kb5
40. Kf3 Kc5 41. Ke3 Kd5 42. Rf5+ Ke6 43. Ra5 Kd6 44. Kd4 Ke6 45. Rb5 Kf6 46.
Ke4 Kg6 47. Kf4+ Kf6 48. Rb6+ Ke7 49. Kf5 Kd7 50. Ke5 Kc7 51. Rh6 Kd7 52. Rg6
Kc7 53. Kd5 Kb7 54. Kc5 Ka7 55. Kb5 Kb8 56. Rg7 Kc8 57. Kb6 Kd8 58. Kc6 Ke8 59.
Kd6 Kf8 60. Rb7 Ke8 61. Ra7 Kf8 62. Ke6 Kg8 63. Kf6 Kh8 64. Kg6 Kg8 65. Ra8#
1-0

[Event "Junior Online 4NCL Division 5"]
[Site "online"]
[Date "2020.05.14"]
[Round "5.107"]
[White "Pipalia, Rishi"]
[Black "Sequeira, Robert"]
[Result "0-1"]
[WhiteElo "1105"]
[BlackElo "1074"]
[PlyCount "72"]
[EventDate "2020.05.14"]
[WhiteTeam "Harrow Juniors E"]
[BlackTeam "St John's College B"]

1. e4 e5 2. Nf3 Nc6 3. Bc4 h6 4. d4 exd4 5. Nxd4 Nxd4 6. Qxd4 c5 7. Qd5 Qe7 8.
Nc3 Nf6 9. Qd1 Nxe4 10. Nxe4 Qxe4+ 11. Be2 d5 12. Be3 Bd7 13. Qd2 d4 14. Bf4
Bb5 15. Bg3 Bxe2 16. Qxe2 Qxe2+ 17. Kxe2 Be7 18. Kd2 O-O 19. Rae1 Bg5+ 20. Kd1
Rfe8 21. f4 Bf6 22. Rhf1 b6 23. Rxe8+ Rxe8 24. Kd2 a5 25. Kd3 b5 26. c4 Re3+
27. Kd2 bxc4 28. Re1 Rxe1 29. Kxe1 Kf8 30. Kd2 Ke7 31. f5 g6 32. Bc7 a4 33. Bb6
Kd6 34. Ba5 gxf5 35. b4 axb3 36. axb3 cxb3 0-1

[Event "Junior Online 4NCL Division 5"]
[Site "online"]
[Date "2020.05.14"]
[Round "5.108"]
[White "Kulkarni, Arnav"]
[Black "Evans, Joseph"]
[Result "1-0"]
[WhiteElo "1070"]
[BlackElo "1007"]
[PlyCount "107"]
[EventDate "2020.05.14"]
[WhiteTeam "St John's College B"]
[BlackTeam "Harrow Juniors E"]

1. e4 c5 2. Nf3 Nc6 3. d4 cxd4 4. Nxd4 Nxd4 5. Qxd4 e6 6. Nc3 Qb6 7. Qxb6 axb6
8. Be3 Bc5 9. Bxc5 bxc5 10. O-O-O Ne7 11. Bb5 Ra5 12. Rhe1 b6 13. Bd3 O-O 14.
Bb5 Rd8 15. Bd3 d5 16. exd5 exd5 17. Rxe7 d4 18. Ne2 Rxa2 19. b3 Ra1+ 20. Kd2
Rxd1+ 21. Kxd1 h6 22. c3 dxc3 23. Nxc3 Rxd3+ 24. Kc2 Bf5 25. Kb2 Rd2+ 26. Kc1
Rxf2 27. Rb7 Rxg2 28. Nd5 Rxh2 29. Ne7+ Kh7 30. Nxf5 Rh1+ 31. Kb2 g6 32. Nd6
Rh2+ 33. Ka3 Rf2 34. Rxb6 g5 35. Ne4 Rg2 36. Nxc5 g4 37. b4 g3 38. Ne4 f5 39.
Nf6+ Kg7 40. Nh5+ Kf7 41. Rf6+ Ke7 42. Rg6 Re2 43. Nxg3 Re3+ 44. Ka4 Kf7 45.
Nxf5 Kxg6 46. Nxe3 h5 47. b5 h4 48. b6 h3 49. b7 h2 50. b8=Q h1=Q 51. Qd6+ Kg5
52. Qe5+ Kh4 53. Qh8+ Kg3 54. Qxh1 1-0

[Event "Junior Online 4NCL Division 5"]
[Site "online"]
[Date "2020.05.14"]
[Round "5.111"]
[White "Jayakumar, Bharath"]
[Black "Hurst, Kate"]
[Result "1-0"]
[WhiteElo "1255"]
[BlackElo "1427"]
[PlyCount "43"]
[EventDate "2020.05.14"]
[WhiteTeam "Harrow Juniors D"]
[BlackTeam "Maid Marians 2"]

1. d4 d5 2. c4 e6 3. Nc3 Bb4 4. Bf4 Nf6 5. a3 Bxc3+ 6. bxc3 Ne4 7. Qc2 Nc6 8.
e3 O-O 9. Bd3 Nf6 10. Nf3 Bd7 11. O-O a6 12. Bg5 h6 13. Bh4 Na5 14. cxd5 exd5
15. Ne5 Be6 16. f4 Nc6 17. Rf3 Nxe5 18. dxe5 g5 19. fxg5 hxg5 20. Bxg5 Bg4 21.
Bxf6 Qd7 22. Bh7# 1-0

[Event "Junior Online 4NCL Division 5"]
[Site "online"]
[Date "2020.05.14"]
[Round "5.112"]
[White "Pannu, Mya"]
[Black "Rahman, Faraz"]
[Result "0-1"]
[WhiteElo "1232"]
[BlackElo "1202"]
[PlyCount "60"]
[EventDate "2020.05.14"]
[WhiteTeam "Maid Marians 2"]
[BlackTeam "Harrow Juniors D"]

1. d4 c6 2. Nf3 d5 3. e3 e6 4. Bd3 Nf6 5. Nc3 Bb4 6. O-O O-O 7. Nb1 Nbd7 8.
Nbd2 Bxd2 9. Bxd2 c5 10. c3 c4 11. Bc2 Ne4 12. Bxe4 dxe4 13. Ne5 Nxe5 14. dxe5
f6 15. f4 f5 16. Qe2 Kh8 17. Bc1 Rg8 18. g4 fxg4 19. Qxg4 g6 20. h4 h5 21. Qh3
Bd7 22. Qh1 Qe7 23. Qxe4 Qxh4 24. Rf2 g5 25. Rh2 gxf4+ 26. Rg2 Bc6 27. Rxg8+
Rxg8+ 28. Kf1 Bxe4 29. Bd2 Qh2 30. Rd1 Rg1# 0-1

[Event "Junior Online 4NCL Division 5"]
[Site "online"]
[Date "2020.05.14"]
[Round "5.113"]
[White "Karjodkar, Praneeta"]
[Black "Hariharan, Shambavi"]
[Result "0-1"]
[WhiteElo "1232"]
[BlackElo "1060"]
[PlyCount "186"]
[EventDate "2020.05.14"]
[WhiteTeam "Harrow Juniors D"]
[BlackTeam "Maid Marians 2"]

1. e4 c6 2. Nc3 d5 3. exd5 cxd5 4. d4 Nf6 5. Bb5+ Nc6 6. Nf3 Bf5 7. h3 e6 8.
Bg5 h6 9. Be3 Bd6 10. O-O Qc7 11. Ne5 Bxe5 12. dxe5 Qxe5 13. Qf3 Be4 14. Nxe4
Nxe4 15. Qf4 Qxf4 16. Bxf4 a6 17. Bd3 g5 18. Bxe4 gxf4 19. Bf3 Nd4 20. g3 Nxf3+
21. Kh1 Nd2 22. Rfe1 fxg3 23. fxg3 Rc8 24. c3 Nf3 25. Re3 Ng5 26. h4 Ne4 27.
Rf1 O-O 28. g4 f5 29. gxf5 exf5 30. Rg1+ Kh7 31. h5 f4 32. Rf3 Ng3+ 33. Kh2
Rce8 34. Kh3 b5 35. b4 Re2 36. Rgxg3 fxg3 37. Rxf8 Rxa2 38. Rc8 g2 39. Rc7+ Kg8
40. Rc8+ Kf7 41. Rc7+ Ke8 42. Kh2 Kd8 43. Rh7 g1=Q+ 44. Kxg1 Ra3 45. Rxh6 Rxc3
46. Rd6+ Ke7 47. Rxa6 d4 48. h6 Rh3 49. Ra7+ Kf6 50. h7 d3 51. Ra6+ Kg7 52.
Ra7+ Kh8 53. Ra8+ Kxh7 54. Ra7+ Kg6 55. Ra6+ Kf5 56. Ra1 Ke4 57. Re1+ Re3 58.
Rd1 Re2 59. Kf1 Ke3 60. Re1 Kf3 61. Rxe2 dxe2+ 62. Ke1 Ke4 63. Kxe2 Kd4 64. Kd2
Kc4 65. Kc2 Kxb4 66. Kb2 Ka5 67. Ka3 Kb6 68. Kb4 Ka6 69. Ka3 Ka5 70. Kb3 b4 71.
Kb2 Kb5 72. Kb3 Kc5 73. Kb2 Kc4 74. Kc2 b3+ 75. Kb2 Kb4 76. Ka1 Ka3 77. Kb1 b2
78. Kc2 Ka2 79. Kc3 b1=Q 80. Kd2 Qb3 81. Kc1 Qc3+ 82. Kd1 Kb2 83. Ke2 Qd4 84.
Ke1 Qd3 85. Kf2 Qe4 86. Kf1 Qe3 87. Kg2 Qf4 88. Kh1 Qd2 89. Kg1 Kc3 90. Kh1 Kd3
91. Kg1 Ke3 92. Kf1 Kf3 93. Kg1 Qg2# 0-1

[Event "Junior Online 4NCL Division 5"]
[Site "online"]
[Date "2020.05.14"]
[Round "5.114"]
[White "Pitts, Hannah"]
[Black "Valecha, Nikhil"]
[Result "0-1"]
[WhiteElo "1037"]
[BlackElo "1277"]
[PlyCount "54"]
[EventDate "2020.05.14"]
[WhiteTeam "Maid Marians 2"]
[BlackTeam "Harrow Juniors D"]

1. d4 d5 2. c4 c6 3. Nf3 Nf6 4. cxd5 cxd5 5. Nc3 Nc6 6. Bd2 g6 7. e3 Bg7 8. Bd3
O-O 9. e4 dxe4 10. Bxe4 Nxe4 11. Nxe4 Bxd4 12. Nxd4 Qxd4 13. Be3 Qxe4 14. Qe2
Qxg2 15. Rf1 Qxh2 16. Bd2 Bh3 17. Bh6 Bxf1 18. Qxf1 Qxh6 19. Rd1 Rad8 20. Rc1
Qxc1+ 21. Ke2 Rd2+ 22. Ke3 Qxf1 23. Kxd2 Rd8+ 24. Kc2 Qe2+ 25. Kb3 Rd3+ 26. Ka4
Qe4+ 27. Kb5 Rd5# 0-1

[Event "Junior Online 4NCL Division 5"]
[Site "online"]
[Date "2020.05.14"]
[Round "5.115"]
[White "Hurst, Kate"]
[Black "Jayakumar, Bharath"]
[Result "0-1"]
[WhiteElo "1427"]
[BlackElo "1255"]
[PlyCount "48"]
[EventDate "2020.05.14"]
[WhiteTeam "Maid Marians 2"]
[BlackTeam "Harrow Juniors D"]

1. e4 c5 2. Nf3 d6 3. d4 cxd4 4. Nxd4 Nf6 5. Nc3 a6 6. Bd3 e6 7. Bg5 Be7 8. O-O
O-O 9. Re1 e5 10. Nf5 Bxf5 11. exf5 h6 12. Bh4 Nbd7 13. Qd2 Ng4 14. Bxe7 Qxe7
15. f4 d5 16. Nxd5 Qc5+ 17. Ne3 exf4 18. Kf1 fxe3 19. Qe2 Qd4 20. h3 Qf4+ 21.
Qf3 Nh2+ 22. Kg1 Nxf3+ 23. gxf3 Qg3+ 24. Kf1 Qf2# 0-1

[Event "Junior Online 4NCL Division 5"]
[Site "online"]
[Date "2020.05.14"]
[Round "5.116"]
[White "Rahman, Faraz"]
[Black "Pannu, Mya"]
[Result "1-0"]
[WhiteElo "1202"]
[BlackElo "1232"]
[PlyCount "53"]
[EventDate "2020.05.14"]
[WhiteTeam "Harrow Juniors D"]
[BlackTeam "Maid Marians 2"]

1. d4 d5 2. c4 Nf6 3. Nf3 e6 4. cxd5 exd5 5. Nc3 Bf5 6. Bg5 Be7 7. Bxf6 Bxf6 8.
e3 Bg4 9. h3 Bxf3 10. Qxf3 Qe7 11. Nxd5 Qd7 12. Nxf6+ gxf6 13. Qxb7 Qc6 14.
Qxc6+ Nxc6 15. Bb5 Rb8 16. Bxc6+ Kd8 17. b3 Rg8 18. g4 Ke7 19. Ke2 Kd6 20. Rac1
Rb6 21. Ba4 h6 22. Rc2 a5 23. Rhc1 Rc8 24. Rc6+ Rxc6 25. Rxc6+ Ke7 26. Ra6 Rb8
27. Rxa5 1-0

[Event "Junior Online 4NCL Division 5"]
[Site "online"]
[Date "2020.05.14"]
[Round "5.117"]
[White "Hariharan, Shambavi"]
[Black "Karjodkar, Praneeta"]
[Result "0-1"]
[WhiteElo "1060"]
[BlackElo "1232"]
[PlyCount "72"]
[EventDate "2020.05.14"]
[WhiteTeam "Maid Marians 2"]
[BlackTeam "Harrow Juniors D"]

1. d4 Nf6 2. Bf4 d5 3. Nf3 Nc6 4. e3 Bf5 5. c4 e6 6. Nbd2 Bd6 7. Bg3 h6 8. Be2
O-O 9. Ne5 Nb4 10. a3 Nc2+ 11. Kf1 Nxa1 12. Qxa1 Bxe5 13. Bxe5 dxc4 14. Bxc4
Ng4 15. Nf3 Be4 16. h3 Bd3+ 17. Bxd3 Nxe5 18. Nxe5 f6 19. Ng6 Re8 20. h4 e5 21.
b4 b6 22. Qc3 a5 23. Bf5 Qd6 24. Qc4+ Kh7 25. Nxe5+ Kh8 26. Nf7+ Kg8 27. Nxd6+
Kh8 28. Nf7+ Kg8 29. Nxh6+ Kh8 30. Ng4 axb4 31. Qxb4 c5 32. dxc5 bxc5 33. Qxc5
Red8 34. Rh3 Rab8 35. h5 Rb2 36. h6 Rd1# 0-1

[Event "Junior Online 4NCL Division 5"]
[Site "online"]
[Date "2020.05.14"]
[Round "5.118"]
[White "Valecha, Nikhil"]
[Black "Pitts, Hannah"]
[Result "1-0"]
[WhiteElo "1277"]
[BlackElo "1037"]
[PlyCount "97"]
[EventDate "2020.05.14"]
[WhiteTeam "Harrow Juniors D"]
[BlackTeam "Maid Marians 2"]

1. c4 e5 2. Nc3 Nc6 3. e3 d6 4. Nge2 Bf5 5. g3 Nf6 6. Bg2 Be7 7. d4 Qd7 8. dxe5
dxe5 9. Qxd7+ Bxd7 10. O-O O-O-O 11. Nd5 Nxd5 12. cxd5 Nb4 13. Rd1 Nc2 14. Rb1
Nb4 15. a3 Na6 16. Nc3 Bf5 17. Ra1 Bd7 18. f4 exf4 19. exf4 Nc5 20. b4 Nb3 21.
Rb1 Nxc1 22. Rbxc1 Bf6 23. d6 cxd6 24. Rxd6 Be7 25. Rd5 Rhe8 26. Ra5 Bd6 27.
Rxa7 Be7 28. Ra8+ Kc7 29. Nd5+ Kd6 30. Rxd8 Bxd8 31. Rd1 Kc6 32. Nf6+ Kc7 33.
Nxe8+ Kc8 34. Rc1+ Bc6 35. Bxc6 bxc6 36. Rxc6+ Bc7 37. Rxc7+ Kd8 38. Rxf7 Kxe8
39. Rxg7 Kf8 40. Rxh7 Kg8 41. Ra7 Kf8 42. b5 Ke8 43. b6 Kf8 44. b7 Ke7 45.
b8=Q+ Ke6 46. Qb5 Kf6 47. Ra6+ Ke7 48. Qb7+ Kd8 49. Ra8# 1-0

[Event "Junior Online 4NCL Division 5"]
[Site "online"]
[Date "2020.05.14"]
[Round "5.121"]
[White "Bredenoord, Conrad"]
[Black "Morrison, Matthew"]
[Result "1/2-1/2"]
[WhiteElo "1142"]
[BlackElo "1217"]
[PlyCount "75"]
[EventDate "2020.05.14"]
[WhiteTeam "Long Ditton St Mary's"]
[BlackTeam "Surbiton Juniors B"]

1. e4 e5 2. Nf3 Nc6 3. Bc4 Nf6 4. Ng5 d5 5. exd5 Na5 6. Bb5+ c6 7. b3 Nxd5 8.
Bd3 Qxg5 9. c4 Nf6 10. g3 Bf5 11. Be2 Be4 12. Bf3 Bxf3 13. Qxf3 Bd6 14. a3 c5
15. b4 cxb4 16. axb4 Nc6 17. c5 Bc7 18. b5 Nd4 19. Qxb7 O-O 20. Qxc7 Nc2+ 21.
Kd1 Nxa1 22. f4 exf4 23. gxf4 Qg4+ 24. Ke1 Nc2+ 25. Kf1 Qd1+ 26. Kg2 Qe2+ 27.
Kg1 Qxb5 28. Nc3 Qd3 29. Bb2 Qg6+ 30. Kf2 Ne4+ 31. Nxe4 Qxe4 32. Rg1 Qxf4+ 33.
Qxf4 Rac8 34. Rxg7+ Kh8 35. Rxf7+ Kg8 36. Rxf8+ Rxf8 37. Qxf8+ Kxf8 38. c6
1/2-1/2

[Event "Junior Online 4NCL Division 5"]
[Site "online"]
[Date "2020.05.14"]
[Round "5.122"]
[White "Baguley, Rory"]
[Black "Sheftel, Sam"]
[Result "1-0"]
[WhiteElo "1187"]
[BlackElo "1075"]
[PlyCount "69"]
[EventDate "2020.05.14"]
[WhiteTeam "Surbiton Juniors B"]
[BlackTeam "Long Ditton St Mary's"]

1. e4 e5 2. Nf3 d6 3. Nc3 Nc6 4. Bc4 a6 5. O-O b5 6. Bd5 Bd7 7. d3 Be7 8. Be3
Nf6 9. Bb3 b4 10. Nd5 Na5 11. Nxf6+ Bxf6 12. Bd5 c6 13. Bb3 Nxb3 14. axb3 Bg4
15. h3 Bxf3 16. Qxf3 d5 17. exd5 cxd5 18. c4 d4 19. Bd2 a5 20. Qc6+ Ke7 21.
Rfe1 Re8 22. f4 Kf8 23. fxe5 Bxe5 24. Qc5+ Bd6 25. Rxe8+ Kxe8 26. Re1+ Kd7 27.
Qf5+ Kc7 28. Qxf7+ Qd7 29. Qd5 Rf8 30. Qxa5+ Kc8 31. Bxb4 Bc7 32. Qa8+ Bb8 33.
Bxf8 Qf5 34. Re8+ Kd7 35. Qxb8 1-0

[Event "Junior Online 4NCL Division 5"]
[Site "online"]
[Date "2020.05.14"]
[Round "5.123"]
[White "Holben, Joseph"]
[Black "Connolly-Eich, Bruno"]
[Result "1-0"]
[WhiteElo "1067"]
[BlackElo "1120"]
[PlyCount "71"]
[EventDate "2020.05.14"]
[WhiteTeam "Long Ditton St Mary's"]
[BlackTeam "Surbiton Juniors B"]

1. e4 e5 2. Nf3 Nc6 3. Nc3 Bc5 4. Bc4 Nb4 5. O-O Nc6 6. Bd5 Nf6 7. Bxc6 bxc6 8.
Nxe5 O-O 9. d4 Bb6 10. Bg5 d6 11. Nxc6 Qd7 12. Nb4 Qg4 13. Bxf6 Qxd1 14. Rfxd1
gxf6 15. Nbd5 Kg7 16. Re1 Bxd4 17. Nb5 Bxb2 18. Rab1 Be5 19. f4 Be6 20. Ndxc7
Rae8 21. Nxe8+ Rxe8 22. fxe5 dxe5 23. Nd6 Rd8 24. Nb7 Rb8 25. Nd6 Rxb1 26. Rxb1
Bxa2 27. Rb8 Be6 28. c4 a5 29. c5 a4 30. c6 a3 31. c7 Bc8 32. Nxc8 a2 33. Ra8
a1=B 34. Rxa1 Kf8 35. Nd6 Ke7 36. Rd1 1-0

[Event "Junior Online 4NCL Division 5"]
[Site "online"]
[Date "2020.05.14"]
[Round "5.124"]
[White "Thompson, Noah"]
[Black "New, Felix"]
[Result "1-0"]
[WhiteElo "1000"]
[BlackElo "1015"]
[PlyCount "109"]
[EventDate "2020.05.14"]
[WhiteTeam "Surbiton Juniors B"]
[BlackTeam "Long Ditton St Mary's"]

1. e4 e5 2. Nf3 Bc5 3. c3 Nf6 4. d4 Bb6 5. Nxe5 Nxe4 6. Qe2 d6 7. Nf3 Bf5 8.
Nbd2 Qe7 9. Nxe4 Bxe4 10. Nd2 Bd3 11. Qxe7+ Kxe7 12. Bxd3 Re8 13. O-O Kd8 14.
Bxh7 Rh8 15. Be4 d5 16. Bxd5 c6 17. Bxf7 Bc7 18. Nf3 Nd7 19. Bg5+ Kc8 20. Be6
c5 21. Ne5 cxd4 22. Bxd7+ Kb8 23. cxd4 Rh5 24. Bf4 a5 25. Rac1 Ra6 26. Ng4 Bxf4
27. Rc8+ Ka7 28. g3 Bd2 29. Rc7 Rg6 30. Ne5 Rgh6 31. Bc6 Rxh2 32. Rxb7+ Ka6 33.
Rxg7 Rh1+ 34. Kg2 R1h2+ 35. Kf3 Rf6+ 36. Kg4 Rhh6 37. Rd1 Bb4 38. Rc1 Bf8 39.
Rg5 Be7 40. Rg7 Bd6 41. Be4 Bxe5 42. dxe5 Rxf2 43. Rg6+ Rxg6+ 44. Bxg6 Rxb2 45.
e6 Rb4+ 46. Kf5 Rb5+ 47. Kf6 a4 48. e7 Rc5 49. Rxc5 a3 50. e8=Q Kb6 51. Qc6+
Ka7 52. Ra5+ Kb8 53. Qd6+ Kb7 54. Be4+ Kc8 55. Rc5# 1-0

[Event "Junior Online 4NCL Division 5"]
[Site "online"]
[Date "2020.05.14"]
[Round "5.125"]
[White "Morrison, Matthew"]
[Black "Bredenoord, Conrad"]
[Result "1-0"]
[WhiteElo "1217"]
[BlackElo "1142"]
[PlyCount "75"]
[EventDate "2020.05.14"]
[WhiteTeam "Surbiton Juniors B"]
[BlackTeam "Long Ditton St Mary's"]

1. d4 Nf6 2. Nc3 e6 3. Nf3 d5 4. Bf4 Bd6 5. Bxd6 cxd6 6. Qd3 Nc6 7. O-O-O a5 8.
g3 a4 9. Qb5 a3 10. b3 Ra5 11. Qd3 Ne4 12. Nxe4 dxe4 13. Qxe4 f5 14. Qd3 e5 15.
d5 Ne7 16. Bg2 e4 17. Qc3 exf3 18. Bxf3 Rc5 19. Qxg7 Ng6 20. e4 fxe4 21. Bxe4
Bg4 22. Rd2 Qe7 23. Bxg6+ hxg6 24. Qxh8+ Kd7 25. Qd4 Bf3 26. Rf1 Rxd5 27. Qa4+
Kc7 28. Rxd5 Bxd5 29. Qxa3 Qg7 30. Qa5+ Kb8 31. Kd2 Qh6+ 32. Kd1 Qh5+ 33. Kc1
Qg5+ 34. Kb1 Qe5 35. Rd1 Bc6 36. Qxe5 dxe5 37. Rd6 Kc7 38. Rxg6 1-0

[Event "Junior Online 4NCL Division 5"]
[Site "online"]
[Date "2020.05.14"]
[Round "5.126"]
[White "Sheftel, Sam"]
[Black "Baguley, Rory"]
[Result "0-1"]
[WhiteElo "1075"]
[BlackElo "1187"]
[PlyCount "100"]
[EventDate "2020.05.14"]
[WhiteTeam "Long Ditton St Mary's"]
[BlackTeam "Surbiton Juniors B"]

1. e4 e5 2. Bc4 Nf6 3. d3 Nc6 4. Nf3 Bc5 5. Ng5 d5 6. exd5 Nxd5 7. Bxd5 Qxd5 8.
O-O O-O 9. Qh5 h6 10. Nc3 Qd7 11. Nge4 Be7 12. Qf3 Nd4 13. Qg3 Bb4 14. Bxh6 g6
15. Nf6+ Kh8 16. Nxd7 Bxd7 17. Qg5 Rg8 18. Qf6+ Kh7 19. Qxf7+ Kxh6 20. Qxd7
Nxc2 21. Rac1 Nd4 22. Qxc7 Rac8 23. Qxe5 Nc6 24. Qb5 a6 25. Qxb7 Na5 26. Qxb4
Nc6 27. Ne4 Nxb4 28. Nc3 Nxd3 29. Rb1 g5 30. Nd5 Rgd8 31. Ne7 Rc5 32. b4 Rc7
33. Nf5+ Kg6 34. g4 Ne5 35. Rbe1 Nxg4 36. Ng3 Rh8 37. Re6+ Kf7 38. Rfe1 Rxh2
39. Nf1 Rxf2 40. Ng3 Rxa2 41. Nh5 Rcc2 42. Re7+ Kg6 43. R1e6+ Kf5 44. Ng7+ Kf4
45. Re4+ Kf3 46. Re2 Rxe2 47. Rxe2 Rxe2 48. Ne6 Rg2+ 49. Kf1 Ne3+ 50. Ke1 Re2#
0-1

[Event "Junior Online 4NCL Division 5"]
[Site "online"]
[Date "2020.05.14"]
[Round "5.127"]
[White "Connolly-Eich, Bruno"]
[Black "Holben, Joseph"]
[Result "0-1"]
[WhiteElo "1120"]
[BlackElo "1067"]
[PlyCount "24"]
[EventDate "2020.05.14"]
[WhiteTeam "Surbiton Juniors B"]
[BlackTeam "Long Ditton St Mary's"]

1. e4 e5 2. Nf3 Nc6 3. Bc4 Nf6 4. Ng5 Qe7 5. Nxf7 Rg8 6. Ng5 Rh8 7. Nc3 g6 8.
Nf7 Rg8 9. Nxe5 Qxe5 10. Bxg8 Nxe4 11. O-O Bd6 12. Bxh7 Qxh2# 0-1

[Event "Junior Online 4NCL Division 5"]
[Site "online"]
[Date "2020.05.14"]
[Round "5.128"]
[White "New, Felix"]
[Black "Thompson, Noah"]
[Result "0-1"]
[WhiteElo "1015"]
[BlackElo "1000"]
[PlyCount "62"]
[EventDate "2020.05.14"]
[WhiteTeam "Long Ditton St Mary's"]
[BlackTeam "Surbiton Juniors B"]

1. e4 e6 2. Nf3 Qe7 3. Ne5 d5 4. exd5 exd5 5. Qe2 f6 6. Qb5+ c6 7. Qe2 fxe5 8.
Qh5+ g6 9. Qe2 Bf5 10. Nc3 Bxc2 11. d3 e4 12. Qxc2 exd3+ 13. Qe2 dxe2 14. Bxe2
d4 15. Na4 d3 16. Be3 dxe2 17. Kxe2 Nf6 18. Nc5 Bh6 19. Nxb7 Bxe3 20. fxe3 Qxb7
21. Rhd1 Qxb2+ 22. Ke1 O-O 23. Rab1 Qc3+ 24. Kf1 Qxe3 25. Rb2 Qf4+ 26. Kg1 Nbd7
27. Rf1 Qd4+ 28. Rbf2 Ng4 29. Kh1 Nxf2+ 30. Kg1 Nh3+ 31. Kh1 Rxf1# 0-1

[Event "Junior Online 4NCL Division 5"]
[Site "online"]
[Date "2020.05.14"]
[Round "5.131"]
[White "Cheema, Jaideep C"]
[Black "Cepoi, Gesneria"]
[Result "0-1"]
[WhiteElo "1337"]
[BlackElo "1075"]
[PlyCount "104"]
[EventDate "2020.05.14"]
[WhiteTeam "Brentwood 2"]
[BlackTeam "Uxbridge Juniors Girls"]

1. e4 e5 2. Nf3 Nc6 3. Bc4 Nf6 4. Nc3 Be7 5. d3 d6 6. Nd5 Nxd5 7. exd5 Nd4 8.
c3 Nf5 9. Bb5+ Bd7 10. Bxd7+ Qxd7 11. O-O O-O 12. Be3 Nh4 13. Nxh4 Bxh4 14. d4
e4 15. Qc2 Rae8 16. Qe2 c6 17. dxc6 bxc6 18. h3 h6 19. Qg4 Qxg4 20. hxg4 Rc8
21. g3 Bg5 22. Bxg5 hxg5 23. Rfe1 Rfe8 24. Rac1 c5 25. dxc5 Rxc5 26. Rc2 d5 27.
b3 d4 28. c4 d3 29. Rd2 Rce5 30. Re3 Rd8 31. Kg2 g6 32. f3 f5 33. gxf5 gxf5 34.
g4 f4 35. Rxe4 Rxe4 36. fxe4 Kf7 37. Kf3 Ke6 38. Kf2 Ke5 39. Ke1 Kxe4 40. Kf2
f3 41. Rd1 Kf4 42. Re1 d2 43. Rd1 Kxg4 44. Ke3 Kg3 45. c5 f2 46. c6 Re8+ 47.
Kd4 Re1 48. c7 f1=Q 49. Rxe1 Qf2+ 50. Kd3 dxe1=Q 51. c8=Q Qed2+ 52. Ke4 Qdd4#
0-1

[Event "Junior Online 4NCL Division 5"]
[Site "online"]
[Date "2020.05.14"]
[Round "5.132"]
[White "Knight, Zoe B"]
[Black "Omoruyi, Jaden"]
[Result "1-0"]
[WhiteElo "1007"]
[BlackElo "1217"]
[PlyCount "78"]
[EventDate "2020.05.14"]
[WhiteTeam "Uxbridge Juniors Girls"]
[BlackTeam "Brentwood 2"]

1. e4 e5 2. Bc4 Nf6 3. Nc3 Bc5 4. d3 c6 5. Bg5 b5 6. Bb3 a5 7. a4 d6 8. Nf3 b4
9. Ne2 O-O 10. O-O h6 11. Bxf6 Qxf6 12. h3 Be6 13. Bxe6 fxe6 14. b3 Nd7 15. c3
d5 16. d4 exd4 17. cxd4 Bd6 18. e5 Bxe5 19. dxe5 Nxe5 20. Nxe5 Qxe5 21. Nc3
Qxc3 22. Rc1 Qf6 23. Rxc6 Rac8 24. Qc1 Rxc6 25. Qxc6 Kf7 26. Qc7+ Kg6 27. Qxa5
Qc3 28. Qb6 Qxb3 29. a5 Rf6 30. a6 e5 31. Qb7 Qa4 32. a7 Rf7 33. a8=Q Rxb7 34.
Qxb7 b3 35. Qxd5 Qd4 36. Qxd4 exd4 37. Rb1 d3 38. Kf1 d2 39. Ke2 b2 1-0

[Event "Junior Online 4NCL Division 5"]
[Site "online"]
[Date "2020.05.14"]
[Round "5.133"]
[White "Kriel, Daniel"]
[Black "Eshwar, Ananya"]
[Result "1/2-1/2"]
[WhiteElo "1090"]
[BlackElo "902"]
[PlyCount "128"]
[EventDate "2020.05.14"]
[WhiteTeam "Brentwood 2"]
[BlackTeam "Uxbridge Juniors Girls"]

1. e4 Nc6 2. Nf3 Nf6 3. Nc3 d5 4. Bb5 a6 5. Bxc6+ bxc6 6. d3 Bd7 7. Be3 e6 8.
h3 Bc8 9. a3 c5 10. b4 d4 11. Bg5 dxc3 12. bxc5 Bxc5 13. O-O e5 14. Nxe5 O-O
15. Ng4 Bd4 16. Rb1 Bxg4 17. hxg4 h6 18. Bh4 Qd6 19. Qf3 Nd7 20. Rb4 Ne5 21.
Qf5 Nc6 22. Rb7 Ne7 23. Qf3 Ng6 24. Qg3 Nxh4 25. Qxd6 cxd6 26. Rd7 Ng6 27. Rxd6
Bc5 28. Rd5 Rac8 29. d4 Bxa3 30. e5 Rfd8 31. Ra5 Be7 32. Ra4 Nf4 33. g3 Ne2+
34. Kg2 Nxd4 35. Rd1 Nb5 36. Rxd8+ Bxd8 37. Rxa6 Nd4 38. f4 Nxc2 39. f5 f6 40.
e6 Rc7 41. Kh3 Nb4 42. Ra4 Nc6 43. Ra1 Nd4 44. Rc1 c2 45. Kh4 Ne2 46. Re1 c1=Q
47. Rxc1 Rxc1 48. Kh5 Kh7 49. g5 fxg5 50. Kg4 g6 51. fxg6+ Kxg6 52. Kf3 Nd4+
53. Kg4 Nxe6 54. Kh3 Rc3 55. Kg4 h5+ 56. Kh3 h4 57. Kg4 hxg3 58. Kh3 g2+ 59.
Kxg2 Nf4+ 60. Kf2 Nh3+ 61. Kg2 g4 62. Kh2 Bc7+ 63. Kg2 Rc2+ 64. Kh1 Kf5 1/2-1/2

[Event "Junior Online 4NCL Division 5"]
[Site "online"]
[Date "2020.05.14"]
[Round "5.134"]
[White "Vijayakumar, Mrinali"]
[Black "Coppell, Gracie"]
[Result "1-0"]
[WhiteElo "790"]
[BlackElo "1000"]
[PlyCount "61"]
[EventDate "2020.05.14"]
[WhiteTeam "Uxbridge Juniors Girls"]
[BlackTeam "Brentwood 2"]

1. d3 e5 2. Nf3 Nc6 3. e4 Nf6 4. Nc3 d6 5. Be3 Be6 6. Qd2 Qe7 7. Bg5 Qd7 8.
O-O-O O-O-O 9. d4 h6 10. Bxf6 gxf6 11. Bd3 Nb8 12. Qe2 Bg4 13. Bb5 c6 14. h3
Bxf3 15. gxf3 Rg8 16. dxe5 Rg5 17. exd6 Rh5 18. Qf1 cxb5 19. Nxb5 Nc6 20. Rd5
Rxd5 21. exd5 Nd4 22. Nxa7+ Kb8 23. Nb5 Qxb5 24. Qd1 Re8 25. Qxd4 Rc8 26. Qxf6
Qa4 27. Kd2 Rxc2+ 28. Ke3 Kc8 29. Qxf7 Qa7+ 30. Kd3 Rxb2 31. Qxf8+ 1-0